000 00486nam a22001697a 4500
005 20240108161631.0
008 240103b |||||||| |||| 00| 0 eng d
040 _aLoreto college
041 _aEnglish
082 _a912
_bPHI
245 _aPhilips' intermediate historical atlas for schools
_cPrepared under the direction of the Historical Association
260 _aLondon
_bGeorge Philip & son.
_c1956
300 _a40p.
_b23cm.
650 _aAtlas
850 _aLCLIB
942 _cBK
999 _c43581
_d94060